|
|
|
|
| LEADER |
00000nam0a2200000 4500 |
| 001 |
65923 |
| 005 |
20251030163224.0 |
| 035 |
|
|
|a (RuTPU)RU\TPU\book\69978
|
| 090 |
|
|
|a 65923
|
| 100 |
|
|
|a 20040705d1966 km y0rusy50 ca
|
| 101 |
0 |
|
|a rus
|
| 102 |
|
|
|a RU
|
| 105 |
|
|
|a y z 001сy
|
| 200 |
1 |
|
|a Люди и нравы древней Руси
|e Историко-бытовые очерки XI-XIII вв.
|f Б. А. Романов
|
| 205 |
|
|
|a 2-е изд.
|
| 210 |
|
|
|a Москва
|a Ленинград
|c Наука
|d 1966
|
| 215 |
|
|
|a 240 с.
|
| 320 |
|
|
|a Библиогр.: с. 236-238
|
| 606 |
|
|
|a Древняя Русь
|x История
|9 81697
|
| 610 |
1 |
|
|a Киевское государство
|
| 610 |
1 |
|
|a люди
|
| 610 |
1 |
|
|a быт
|
| 610 |
1 |
|
|a нравы
|
| 610 |
1 |
|
|a 11 век
|
| 610 |
1 |
|
|a 13 век
|
| 610 |
1 |
|
|a 12 век
|
| 686 |
|
|
|a Т3(2)41
|2 rubbk
|
| 700 |
|
1 |
|a Романов
|b Б. А.
|g Борис Александрович
|
| 801 |
|
1 |
|a RU
|b 63413507
|c 20040705
|g PSBO
|
| 801 |
|
2 |
|a RU
|b 63413507
|c 20121002
|g PSBO
|
| 942 |
|
|
|c BK
|